ا سلا م ا نسا نی حقو ق کا پا سبا ن (Record no. 147080)

MARC details
000 -LEADER
fixed length control field 00942nam a22002177a 4500
005 - DATE AND TIME OF LATEST TRANSACTION
control field 20171129122232.0
010 ## - LCCN (DPL NO)
LC control number UR-9871
020 6# - INTERNATIONAL STANDARD BOOK NUMBER
Terms of availability 55.00
035 ## - SYSTEM CONTROL NUMBER
System control number U-8426
037 ## - SOURCE OF ACQUISITION
Source of stock number/acquisition DBAD/PUB
082 ## - DEWEY DECIMAL CLASSIFICATION NUMBER
Classification number 270.54
100 ## - MAIN ENTRY--PERSONAL NAME
Personal name سید جلا ل ا لد ین عمر ی
245 ## - TITLE STATEMENT
Title ا سلا م ا نسا نی حقو ق کا پا سبا ن
Statement of responsibility, etc سید جلا ل ا لد ین عمر ی
246 ## - VARYING FORM OF TITLE
Remainder of title
Title proper/short title Islam Insani Huqooq Ka Pasban
250 ## - EDITION STATEMENT
Edition statement by Sayyid Jalaluddin Umari
260 ## - PUBLICATION, DISTRIBUTION, ETC. (IMPRINT)
Place of publication, distribution, etc نئی د لی
Name of publisher, distributor, etc Merkazi Maktaba Islami Publishers
Date of publication, distribution, etc 2008
270 ## - ADDRESS
Address D307,Dawat Nagar,Abul Fazal Enclave,Jamia Nagar ,
City New Delhi
Postal code 110025
Telephone number 01126971652
Fax number -
300 ## - PHYSICAL DESCRIPTION
Extent 172ص
Dimensions 22 Cm.(B.b)
500 ## - GENERAL NOTE
General note دو حصہ
942 ## - ADDED ENTRY ELEMENTS (KOHA)
Source of classification or shelving scheme Dewey Decimal Classification
Item type Urdu Bks
Classification part 270.54
Call number suffix س ی د
Edition
Holdings
Withdrawn status Lost status Not for loan Collection code Home library Current library Date acquired Source of acquisition Cost, normal purchase price Full call number Barcode Copy number Cost, replacement price Koha item type
      Non-fiction Central Library Central Library 01/11/2017 DBAD/PUB. 55.00 270.54 س ی د U-8426 1 55.00 Urdu Bks

© Delhi Public Library
Hit Counter
free hit counter